000 00423nam a2200169Ia 4500
008 230711s9999||||xx |||||||||||||| ||und||
020 _a978-3-8365-3220-4
041 _aENG
082 _a720.952
_bJO-S
100 _aJodidio,Philip
245 0 _aShigeru Ban : Complete Works 1985-2015
250 _a1st Ed.
260 _c2015
_aNew York
_bTaschen Publications
300 _a567p.
650 _aArchitecture
942 _cBK
999 _c6503
_d6503